Music Quiz

Random Music or Singers Quiz
Score 0/5 Timer 01:30
0 Plays Today
Question Answer Wrong Answers
Which is an ITZY member? Ryujin
99.2%
Jihyo
0%
Moonbyul
0%
Choerry
0.8%
Which is an ITZY member? Yuna
97.7%
Nayeon
0%
Irene
0.8%
Eunbi
1.5%
Which is an ITZY member? Lia
97.7%
Sunmi
0%
Lisa
1.5%
Somi
0.8%
Which is an ITZY member? Chaeryeong
97%
Jisoo
0%
Soyeon
0%
Chaeyoung
3%
Which is an ITZY member? Yeji
96.2%
Minnie
0%
Yeri
3.8%
Jennie
0%
Remove Ads.
Support Sporcle.
Get the best of Sporcle when you Go Orange. This ad-free experience offers more features, more stats, and more fun while also helping to support Sporcle. Thank you for becoming a member.

You're not logged in!

Compare scores with friends on all Sporcle quizzes.
OR
Log In

Show Comments

Extras

Created Nov 11, 2020ReportNominate
Tags:Kpop Quiz, Singers Quiz, Itzy

Top Quizzes Today


Score Distribution

Your Account Isn't Verified!

In order to create a playlist on Sporcle, you need to verify the email address you used during registration. Go to your Sporcle Settings to finish the process.

Report this User

Report this user for behavior that violates our Community Guidelines.

Details: